|
|
|
|
| LEADER |
00000nam a2200000 i 4500 |
| 005 |
20131220144217.0 |
| 007 |
cr|||| |||| |
| 008 |
131025s2013 sp 000 0 spa d |
| 020 |
|
|
|a 9788494130496
|
| 035 |
|
|
|a 11717
|
| 040 |
|
|
|a BUS
|d vLex
|
| 090 |
|
|
|c 4650
|d 4650
|
| 245 |
1 |
0 |
|a Principios y garantias procesales :
|h [Recurso electrn̤ico] :
|b Liber amicorum en homenaje a la profesora M® Victoria Berzosa Francos /
|c Joan Pic ̤i Junoy (director)
|
| 256 |
|
|
|a Servicio en ln̕ea
|
| 260 |
|
|
|a Barcelona :
|b Bosch,
|c 2013
|
| 300 |
|
|
|a 1 recurso electrn̤ico
|
| 506 |
1 |
|
|a Contenido solo disponible en los productos indicados
|d vLex Global
|d vLex Global (Academic Edition, excluding Law Schools)
|d vLex Global (U.S. Academic Edition, Law Schools)
|d vLex Global (U.S. Academic Edition, excluding Law Schools)
|d vLex Global (Academic Edition, Law Schools)
|
| 650 |
0 |
4 |
|a Procedimiento (Derecho)
|
| 650 |
0 |
4 |
|a GarantƯ̕as (Derecho)
|
| 700 |
1 |
|
|a Pic ̤i Junoy, Joan.
|
| 740 |
0 |
|
|a vLex Libros (Servicio en ln̕ea)
|
| 856 |
4 |
0 |
|u http://vlex.com/source/principios-y-garantias-procesales-11717
|z Acceso restringido
|
| 942 |
|
|
|c BOOK
|
| 999 |
0 |
|
|a Adversary system (Law)
|
| 999 |
0 |
|
|a Warranty
|